000 00686nam a2200229 a 4500
008
020 _a1412939909 (pbk.)
049 _aMAIN
090 _aLB1060
_bLET
100 1 _aLe Tellier, John.
245 1 0 _aQuantum learning and instructional leadership in practice /
_cJonh Parks Le Tellier.
260 _aThousand Oaks :
_bCorwin Press,
_c2007.
300 _axix, 208 p. :
_bill. ;
_c25 cm.
500 _aIncludes index.
504 _aIncludes bibliographical references.
650 1 _aLearning.
907 _a.b10269927
_b19-11-09
_c19-10-09
003
005 20230123124957.0
040 _cNUST
942 _cBOOKS
_kLB1060
_mLET
999 _c133557
_d133557